| 000 | 00495 a2200157 4500 | ||
|---|---|---|---|
| 020 | _a0534365507 | ||
| 020 | _a9780534365509 | ||
| 090 |
_c1525 _d1525 |
||
| 100 | 1 | _aThomas, David A. | |
| 245 | 1 | 0 |
_aModern geometry / _cDavid A. Thomas. |
| 250 | _a1st ed. | ||
| 260 |
_a[S.l.] : _bCengage Learning, _c2001. |
||
| 300 |
_a368 p. ; _c24 cm. |
||
| 942 |
_aSNS _cBK _k516 THO |
||
| 999 |
_c30136 _d30136 |
||